000 00715nam a2200229 i 4500
001 129737
003 ES-MaACL
005 20250815163316.0
007 t|
008 070704s1977 sp ||||1| spa d
100 1 _aZotti, Carlo Liberio del.
_9118369
245 1 0 _aBrujería y magia en América /
_cCarlo Liberio del Zotti.
250 _a[1ª ed.].
260 _aEsplugas de Llobregat :
_bPlaza & Janés,
_c1977.
300 _a254 p. ;
_c18 cm.
490 1 _aRealismo fantástico ;
_v47
650 1 4 _aMagia-
_zAmérica latina.
_914730
650 1 4 _aBrujería-
_zAmérica Latina
_910622
830 0 _aRealismo fantástico ;
_v47
_9181411
852 _aES-MaACL
_jA-7225
_bR.96311
999 _c129737
_d129737